000 00647nam a2200217Ia 4500
005 20250508164755.0
008 008 250505s9999 xx 000 0 eng d
037 _aReference
040 _aFEDL
_beng
_cFEDL
041 _aeng
_2eng
084 _a371.9, SMI/RR
_qFEDL
100 _aSmith Deborah Deutsch
_9776976
245 0 _aIntroduction to special education: Making a difference.
250 _a7th
260 _aNew Jeresy, USA
_bPearson Education, Inc
_c2010
300 _axxviii,556p.
365 _aUSD
_b130.67
700 _a Tyler Naomi Chowdhuri
_9779139
942 _cREF
_h371.9, SMI/RR
999 _c1391059
_d1391059